000 01819nam a2200349 4500
001 0000024358
003 CO-CtgCURN
005 20250516155539.0
007 ta
008 160628s2002 000 0 eng d
020 _a9586533085
040 _aCO-CtgCURN
_bspa
_ccoctgcurn
082 0 _a347.7
_bN17t
100 1 _aNarvaez García, José Ignacio.
245 1 0 _aTeoria general de las sociedades :
_bderecho mercantil colombiano /
_cJosé Ignacio Narvaez García.
260 _aBogotá :
_bLegis,
_c2002.
300 _axxv, 483 p ;
_c24 cm.
336 _2rdacontent
337 _2rdamedia
_asin mediacion
_bn
338 _2rdacarrier
_avolumen
_bnc
505 8 _aDiversidad de formas asociativas.--Personalidad juridica de las sociedades.--Naturaleza del acto creador de la sociedad.--Clasificacion de las sociedades.--Precontrato, contrato y nulidades.--Condiciones de existencia de la sociedad.--Cumplimiento u omision de formalidades.--El capital social.--Determinacion periodica de utilidades y su distribucion.--Reformas estatutarias.--Los organos sociales.--Junta de socios o asamblea de acciónistas.--Administradores en generales.--Disolucion de las sociedades.--Conglomerados de sociedades y grupos empresariales
650 1 4 _aDerecho comercial
_vLegislacion
_zColombia.
908 _a160627
942 _cBK
_h347.7
_iN17t
_2ddc
_n0
999 _c20546
_d20546